000 00409nam a22001577a 4500
003 Macl
005 20241018141426.0
008 241018b |||||||| |||| 00| 0 eng d
040 _cMacl
082 _a910
100 _aTripati,Vipul Kumar
_982508
245 _aNCERT Notes Indian & World Geography Class 6-12(old+new)
260 _aNew Delhi
_bArihant
_c2024
650 _aGeography
942 _2ddc
_cC. BOOKS
999 _c67035
_d67035